"Hasta mahpuslar" raporu (Kayıt no. 1650)

MARC ayrıntıları
000 -BAŞLIK
Sabit Uzunlukta Kontrol Alanı 01554na a2200397 4500
001 - KONTROL NUMARASI
Denetim Alanı 16974
003 - KONTROL NUMARASI IDENTIFIER
Denetim Alanı MIRAKIL
005 - SON İŞLEM TARİHİ VE ZAMANI
Denetim Alanı 20181213154830.0
008 - SABİT-BOY VERİ ELEMANLARI - GENEL BİLGİLER
Sabit Uzunlukta Kontrol Alanı 161019b tu 000 0
035 ## - SİSTEM KONTROL NUMARASI
Sistem Kontrol Numarası 14748
040 ## - KATALOGLAMA KAYNAK
Orijinal Kataloglama Ajansı Milas
Kataloglama Dili tur
Metne Dönüştürmek Ajansı TR-AnCHP
041 ## - DİL KODU
Metin / Ses Parça Veya Ayrı Başlığın Dil Kodu tur
082 ## - DEWEY ONLU SINIFLANDIRMA NUMARASI
Sınıflandırma Numarası CHP 365.6
Ürün Numarası D35h [2012?]
090 ## - SINIFLAMA NUMARASI
Sınıflama Numarası CHP 365.6 D35h [2012?]
100 ## - ANA GİRİŞ - KİŞİSEL İSİM
Kişisel Ad Demir, Nurettin
Bir Adıyla İlişkilendirilen Başlıklar Ve Kelimeler CHP Muğla Milletvekili
245 ## - BAŞLIK TABLOSU
Başlık "Hasta mahpuslar" raporu
Sorumluluk Tablosu, Vb Nurettin Demir, Veli Ağbaba,Özgür Özel
246 ## - UNVAN FORM VARYING
Başlık Doğru / Kısa Başlığı Hasta mahpuslar raporu
260 ## - YAYIN, DAĞITIM, VB
Yayın, Dağıtım, Vb Yeri Ankara
Yayıncı, Dağıtıcı, Vs Adı CHP Cezaevleri İnceleme ve İzleme Komisyonu
Yayın, Dağıtım, Vb Tarihi [2012?]
300 ## - FİZİKSEL TANIM
Kapsam 100 s.
Boyutlar 28 sm.
440 ## - SERİSİ TABLOSU / KATMA GİRİŞİ - BAŞLIK
Başlık CHP Cezaevleri İnceleme ve İzleme Komisyonu
Bir İşin Parçası / Bölümün İsmi Raporlar
610 ## - KONU KATMA GİRİŞ - TOPLANTI ADI
Giriş Elemanı Olarak Kurumsal Ad Veya Yargı Alanı Adı CHP
Genel Alt Bölüm Tutuklu ve hükümlüler
Kronolojik Alt Bölüm Raporlar
-- Araştırma ve inceleme
610 ## - KONU KATMA GİRİŞ - TOPLANTI ADI
Giriş Elemanı Olarak Kurumsal Ad Veya Yargı Alanı Adı CHP
Genel Alt Bölüm Hapishaneler
Kronolojik Alt Bölüm Raporlar
650 ## - KONU KATMA GİRİŞ - TOPİKAL DÖNEM
Topikal Süreli Veya Coğrafi Ad Giriş Elemanı Siyasal hükümlüler
Genel Alt Bölümü 21. yüzyıl
Coğrafi Alt Bölümü Türkiye
650 ## - KONU KATMA GİRİŞ - TOPİKAL DÖNEM
Topikal Süreli Veya Coğrafi Ad Giriş Elemanı Cezaevleri
Genel Alt Bölümü 21. yüzyıl
Kronolojik Alt Bölümü Araştırma ve inceleme
Coğrafi Alt Bölümü Türkiye
650 ## - KONU KATMA GİRİŞ - TOPİKAL DÖNEM
Topikal Süreli Veya Coğrafi Ad Giriş Elemanı Tutuklu ve hükümlüler
Genel Alt Bölümü Sağlık göstergeleri
Kronolojik Alt Bölümü Raporlar
Coğrafi Alt Bölümü Türkiye
650 ## - KONU KATMA GİRİŞ - TOPİKAL DÖNEM
Topikal Süreli Veya Coğrafi Ad Giriş Elemanı Cezaevleri
Genel Alt Bölümü Hak ihlalleri
Kronolojik Alt Bölümü Raporlar
Coğrafi Alt Bölümü Türkiye
700 ## - KATMA GİRİŞ - KİŞİSEL İSİM
Kişisel Ad Özel, Özgür
Başlıklar Ve Bir Adla İlişkili Diğer Kelimeler Manisa Milletvekili
700 ## - KATMA GİRİŞ - KİŞİSEL İSİM
Kişisel Ad Ağbaba, Veli
Başlıklar Ve Bir Adla İlişkili Diğer Kelimeler Malatya Milletvekili
710 ## - KATMA GİRİŞ - KURUMSAL ADI
Giriş Elemanı Olarak Kurumsal Ad Veya Yargı Alanı Adı Cumhuriyet Halk Partisi
Alt Birim Cezaevleri İnceleme ve İzleme Komisyonu
740 ## - KATMA GİRİŞ - KONTROLSUZ İLGİLİ / ANALİTİK BAŞLIK
Kontrol Edilmeyen / İlgili Analitik Başlıktaki Hasta mahpuslar raporu
830 ## - SERİSİ EKLENDİ GİRİŞ - ÜNİFORM ADI
Üniforma Başlık CHP yayınları
942 ## - EKLENDİ GİRİŞ ELEMANLARI (KOHA)
Sınıflandırma Veya Raf Düzeni Kaynak Dewey Decimal Classification
Koha Öğesi Türü Kitaplar
999 ## - SİSTEM KONTROL NUMARALARI (KOHA)
Koha Biblionumber 1650
Koha Biblioitemnumber 1650
657 ## - INDEX SÜRE - İŞLEVİ
-- Hapishane standartları
-- Hak ihlali
657 ## - INDEX SÜRE - İŞLEVİ
-- Hapishane koşulları
657 ## - INDEX SÜRE - İŞLEVİ
-- CHP Cezaevleri İnceleme ve İzleme Komisyonu raporları
Mevcut
Kalıcı Konum Mevcut Konum Edinme Tarihi Edinim Kaynak Toplam Check-Out'Lar Tam Çağrı Numarası Barkod Tarih Son Görülme İtibaren Geçerli Fiyatlar Koha Öğesi Türü Kopya Sayısı
CHP Kütüphanesi CHP Kütüphanesi 10/19/2016 Bağış   CHP 365.6 D35h [2012?] 006925 04/07/2023 10/19/2016 Kitaplar  
CHP Kütüphanesi CHP Kütüphanesi 10/19/2016 Bağış   CHP 365.6 D35h [2012?] 006926 10/19/2016 10/19/2016 Kitaplar k.2
CHP Kütüphanesi CHP Kütüphanesi 10/19/2016 Bağış   CHP 365.6 D35h [2012?] 006927 10/19/2016 10/19/2016 Kitaplar k.3
CHP Kütüphanesi CHP Kütüphanesi 10/19/2016 Bağış   CHP 365.6 D35h [2012?] 006928 10/19/2016 10/19/2016 Kitaplar k.4
CHP Kütüphanesi CHP Kütüphanesi 10/21/2016 Bağış   CHP 365.6 D35h [2012?] 007501 10/21/2016 10/21/2016 Kitaplar k.5